Unitary Representations and Harmonic Analysis : An Introduction

Αποθηκεύτηκε σε:
Λεπτομέρειες βιβλιογραφικής εγγραφής
Κύριος συγγραφέας: Sugiura, Mitsuo 1928-
Μορφή: Βιβλίο
Γλώσσα:English
Δημοσίευση: Amsterdam : New York : Tokyo : New York, N.Y., U.S.A. : North-Holland, Kodansha, Distributors for the U.S.A. and Canada, Elsevier Science Pub. Co., 1990
Έκδοση:2nd ed.
Σειρά:North-Holland mathematical library ; ; 44
Kodansha scientific books
Θέματα:
Ετικέτες: Προσθήκη ετικέτας
Δεν υπάρχουν, Καταχωρήστε ετικέτα πρώτοι!

MARC

LEADER 00000nam a2200000 i 4500
001 1/34017
008 941103s1990 eng d
020 |a 0444885935 
020 |a 406203509X 
035 |l 10039527 
035 |a 1993 
040 |a GR-MY-UA  |b gre  |e aacr 
041 0 |a eng 
082 0 |a 512.55 
100 1 |a Sugiura, Mitsuo  |d 1928- 
245 1 0 |a Unitary Representations and Harmonic Analysis :  |b An Introduction /  |c Mitsuo Sugiura 
250 |a 2nd ed. 
260 |a Amsterdam :   |a New York :   |a Tokyo :   |a New York, N.Y., U.S.A. :   |b North-Holland,   |b Kodansha,   |b Distributors for the U.S.A. and Canada, Elsevier Science Pub. Co.,   |c 1990 
300 |a xv, 452 p.;  |c 24 cm 
490 1 |a North-Holland mathematical library  |v ; 44 
490 1 |a Kodansha scientific books 
504 |a Includes bibliographical references (p. 417-448) and index 
650 0 0 |a Lie groups. 
650 0 0 |a Representations of groups. 
650 0 0 |a Harmonic analysis. 
830 0 |a North-Holland mathematical library ;  |v ; 44 
830 0 |a Kodansha scientific books 
852 |a INST  |b SAMOS  |e 19941103  |h 512.55 SUG  |p 005300003769  |q 005300003769  |t BK  |y 0 
852 |a INST  |b SAMOS  |e 19941103  |h 512.55 SUG  |p 005300007912  |q 005300007912  |t BK  |y 0 
909 |a Σ  |b 030902 
909 |a Σ  |b 030212